| 000 | 00689nam a2200181 a 4500 | ||
|---|---|---|---|
| 001 | 000029613 | ||
| 005 | 20200930055657.0 | ||
| 008 | 110415s1996 dr 000 0 spa d | ||
| 040 |
_aDO-SdBNP _bspa _cBNPHU |
||
| 082 |
_axxx _bC3978a |
||
| 110 | 2 |
_aCentro Nacional de Investigaciones en Salud Materno Infantil _955757 |
|
| 245 | 1 | 0 |
_aHerramientas diagnósticas para la infección por el Virus de la Hepatitis C. / _ceditor Eddy Pérez. |
| 260 |
_aSanto Domingo : _bCENISMI, _c1996. |
||
| 300 |
_avi, 11 p. ; _c28 cm. |
||
| 490 | 1 |
_aInvestigaciones en salud _areuniones Técnicas _v1 |
|
| 700 | 1 |
_aPérez, Eddy, _eed. _956333 |
|
| 830 | 0 |
_aInvestigaciones en salud _preuniones Técnicas _v1 _956423 |
|
| 999 |
_c29105 _d29105 |
||